banner-ar

نزاعات الحدود فى العالم العربى : (Record no. 60188)

MARC details
000 -الفاتح
حقل البيانات ثابتة الطول 01053nam a22002537a 4500
005 - وقت وتاريخ اخر تعامل مع التسجيلة
رقم الضبط 20240530110357.0
008 - عناصر البيانات ثابتة الطول - معلومات عامة
حقل البيانات ثابتة الطول 150113s2009 ua g 000 0 ara d
017 ## - رقم الايداع القانونى
رقم الايداع القانونى 2009/1935
المصدر ( الهيئة المختصة) مصر . دار الكتب المصرية
020 ## - الرقم الدولى المعيارى للكتب
الرقم الدولى المعيارى للكتاب 977313279x
040 ## - مصدر الفهرسة
وكالة الفهرسة الأصلية EG-CaGPL
041 0# - رمز اللغة
رمز لغة النص/ المسارات الصوتية أو العنوان الانفرادي ara
082 04 - رقم تصنيف ديوى العشرى
رقم الطبعة 21
رقم التصنيف 320.1253\
رقم المادة س ن
100 0# - المدخل الرئيسى - إسم شخصى
الإسم الشخصى سها عيد رجب
245 10 - بيان العنوان
العنوان نزاعات الحدود فى العالم العربى :
بقية العنوان من نهايات القرن العشرين الى بدايات القرن الواحد و العشرين /
بيان المسئوليه,etc اعداد و تحرير سها عيد رجب
250 ## - بيان الطبعة
بيان الطبعة ط 1
260 ## - PUBLICATION, DISTRIBUTION, ETC. (IMPRINT)
تاريخ النشر أو التوزيع 2009
300 ## - الوصف المادى
التعداد 424 ص ؛
أبعاد الوعاء 24 سم
650 04 - المدخل الاضافى بالموضوع-مصطلح موضوعى
مصطلح موضوعي نزاعات الحدود
650 04 - المدخل الاضافى بالموضوع-مصطلح موضوعى
مصطلح موضوعي نزاعات الحدود
التقسيم الفرعي الجغرافي العالم العربى
651 04 - المدخل الاضافى بالموضوع - اسم جغرافى
الاسم الجغرافي مصر
التقسيم الفرعي العام الحدود السياسية
التقسيم الفرعي الجغرافي السودان
651 04 - المدخل الاضافى بالموضوع - اسم جغرافى
الاسم الجغرافي اليمن
التقسيم الفرعي العام الحدود الساسية
التقسيم الفرعي الجغرافي السعودية
942 ## - عناصر المدخل الإضافي( كوها)
مصدر التصنيف او مخطط الترفيف Dewey Decimal Classification
Koha [default] item type كتاب
260 ## - PUBLICATION, DISTRIBUTION, ETC. (IMPRINT)
-- القاهرة :
-- مركز المحروسة للنشر ،
Holdings
حالة التراجع حالة الفقد حالة تلف ليس للاعارة المكان المؤقت الموقع الحالى تاريخ الاكتساب اجمالي اﻻعارات رقم الطلب الباركود تاريخ اخر مشاهدة تاريخ تفعيل السعر نوع وعاء كوها
        مكتبة القاهرة الكبرى مكتبة القاهرة الكبرى 01/13/2015   320.1253\ س ن 159190 01/13/2015 01/13/2015 كتاب

Powered By

EGPV